Samrachanavada, samrachanottaravada hagu prachya kavyamimamse (Record no. 122125)

MARC details
000 -LEADER
fixed length control field 01071nam a2200313Ia 4500
003 - CONTROL NUMBER IDENTIFIER
control field OSt
005 - DATE AND TIME OF LATEST TRANSACTION
control field 20251113100113.0
008 - FIXED-LENGTH DATA ELEMENTS--GENERAL INFORMATION
fixed length control field 210210b2013 xxu||||| |||| 00| 0 eng d
020 ## - INTERNATIONAL STANDARD BOOK NUMBER
International Standard Book Number 8126041099
040 ## - CATALOGING SOURCE
Transcribing agency AL
041 ## - LANGUAGE CODE
Language code of text/sound track or separate title Kannada
082 ## - DEWEY DECIMAL CLASSIFICATION NUMBER
Classification number K894.9 NARS
100 ## - MAIN ENTRY--PERSONAL NAME
Personal name NARANG (Gopichand)
Dates associated with a name ನಾರಂಗ್ (ಗೋಪಿಚಂದ್)
9 (RLIN) 245324
245 ## - TITLE STATEMENT
Title Samrachanavada, samrachanottaravada hagu prachya kavyamimamse
Remainder of title ಸಂರಚನವಾದ, ಸಂರಚನೋತ್ತರವಾದ ಹಾಗೂ ಪ್ರಾಚ್ಯಕಾವ್ಯ ಮೀಮಾಂಸೆ
260 ## - PUBLICATION, DISTRIBUTION, ETC.
Place of publication, distribution, etc. Navadehali
Name of publisher, distributor, etc. Sahity Akademi
Date of publication, distribution, etc. 2013
300 ## - PHYSICAL DESCRIPTION
Extent xxvii,500
650 ## - SUBJECT ADDED ENTRY--TOPICAL TERM
Topical term or geographic name entry element Tr
9 (RLIN) 245325
650 ## - SUBJECT ADDED ENTRY--TOPICAL TERM
Topical term or geographic name entry element Tippesvami
9 (RLIN) 245326
650 ## - SUBJECT ADDED ENTRY--TOPICAL TERM
Topical term or geographic name entry element samrachanottaravada
9 (RLIN) 245327
650 ## - SUBJECT ADDED ENTRY--TOPICAL TERM
Topical term or geographic name entry element Samrachanavada,
9 (RLIN) 245328
650 ## - SUBJECT ADDED ENTRY--TOPICAL TERM
Topical term or geographic name entry element prachya
9 (RLIN) 245329
650 ## - SUBJECT ADDED ENTRY--TOPICAL TERM
Topical term or geographic name entry element kavyamimamse
9 (RLIN) 245330
650 ## - SUBJECT ADDED ENTRY--TOPICAL TERM
Topical term or geographic name entry element hagu
9 (RLIN) 245331
650 ## - SUBJECT ADDED ENTRY--TOPICAL TERM
Topical term or geographic name entry element by
9 (RLIN) 245332
690 ## - LOCAL SUBJECT ADDED ENTRY--TOPICAL TERM (OCLC, RLIN)
Topical term or geographic name as entry element Kannada Criticism
9 (RLIN) 245333
700 ## - ADDED ENTRY--PERSONAL NAME
Personal name Tippesvami
Dates associated with a name ತಿಪ್ಪೇಸ್ವಾಮಿ tr
9 (RLIN) 245334
906 ## - LOCAL DATA ELEMENT F, LDF (RLIN)
a 072038
942 ## - ADDED ENTRY ELEMENTS (KOHA)
Source of classification or shelving scheme Dewey Decimal Classification
Koha item type Book
Holdings
Withdrawn status Lost status Source of classification or shelving scheme Damaged status Not for loan Collection code Home library Current library Shelving location Date acquired Source of acquisition Cost, normal purchase price Total Checkouts Full call number Barcode Date last seen Price effective from Koha item type
    Dewey Decimal Classification     Kannada St Aloysius Library St Aloysius Library   02/17/2021 Sahitya Akademi, Bangalore 350.00   K894.9 NARS 072038 02/17/2021 02/17/2021 Book